EA FC26 All Gold Africa Players - Statistics

General Stats
  • This quiz has been taken 27 times
  • The average score is 18 of 57
Answer Stats
Rate Club Nation Answer % Correct
91 Liverpool Egypt Mohamed Salah
100%
85 Man United Cameroon Bryan Mbeumo
93%
84 Man City Egypt Omar Marmoush
93%
81 Marseille Gabon Pierre-Emerick Aubameyang
93%
87 Dortmund Guinea Serhou Guirassy
87%
82 Napoli Cameroon Andre Zambo Anguissa
80%
81 Leverkusen Burkina Faso Edmond Tapsoba
80%
82 Newcastle DR Congo Yoane Wissa
80%
78 Spurs Mali Yves Bissouma
67%
75 Sunderland Burkina Faso Bertrand Traore
60%
79 Paris FC Mali Hamari Traore
60%
81 Brighton Cameroon Carlos Baleba
53%
79 Galatasaray Gabon Mario Lemina
53%
79 Sunderland Mozambique Reinildo
53%
80 Trabzonspor Cameroon Andre Onana
47%
80 West Ham DR Congo Aaron Wan-Bissaka
40%
77 Real Betis DR Congo Cedric Bakambu
40%
77 Crystal Palace Mali Cheick Doucoure
40%
77 Brentford Burkina Faso Dango Ouattara
40%
78 Marseille CAR Geoffrey Kondogbia
40%
76 Wolves Zimbabwe Marshall Munetsi
40%
77 Brighton Gambia Yankuba Minteh
40%
77 Leipzig Mali Amadou Haidara
33%
76 Everton Guinea Bissau Beto
33%
77 Getafe Togo Dakonam Djene
33%
79 LAFC Gabon Denis Bouanga
33%
80 Frankfurt Tunisia Ellyes Skhiri
33%
75 Le Havre Guinea Abdoulaye Toure
27%
77 Lyon Angola Clinton Mata
27%
78 Al Taawoun Gambia Musa Barrow
27%
75 Hoffenheim Togo Ihlas Bebou
20%
78 Hellas Verona Libya Ali Al Musrati
13%
75 Sunderland DR Congo Arthur Masuaku
13%
76 Real Oviedo Angola David Carmo
13%
75 NYRB Cameroon Eric Choupo-Moting
13%
75 Pisa Angola M'Bala Nzola
13%
75 Neom Egypt Ahmed Hegazy
7%
78 Osasuna Cameroon Flavien-Enzo Boyomo
7%
78 Sporting Mozambique Geny Catamo
7%
76 AEK Athens Cameroon Harold Moukoudi
7%
76 Bochum Mali Ibrahima Sissoko
7%
78 Celta Guinea Ilaix Moriba
7%
77 FC Cincinnati Togo Kevin Denkey
7%
76 Valencia Guinea Mouctar Diakhaby
7%
78 Slavia Prague Liberia Oscar Dorley
7%
75 AEK Athens Mauritania Aboubakary Koita
0%
76 Nice Tunisia Ali Abdi
0%
75 Al Fayha Zambia Fashion Sakala
0%
77 Al Ain Togo Kodjo Laba
0%
77 Villarreal Cape Verde Logan Costa
0%
75 Mallorca Equatorial Guinea Omar Mascarell
0%
75 Viktoria Plzen Liberia Sampson Dweh
0%
76 Torino Equatorial Guinea Saul Coco
0%
76 Braga Mali Sikou Niakate
0%
77 Nice Burundi Youssouf Ndayishimiye
0%
75 Getafe Cameroon Yvan Neyou
0%
77 Al Fateh Comoros Zaydou Youssouf
0%
No matching quizzes found
Score Distribution
Percent of People with Each Score
Percentile by Number Answered
Your Score History
You have not taken this quiz